000 00533nam a2200181Ia 4500
001 7841
003 GE_BSU
008 181216s||||||||xx |||||||||||||| ||und||
040 _cGE_BSU
245 _aТурбизнес=Travel trade russia №15\273 2012.
245 _bОлимпиада 2014 и туриндустрия. Ноябрь.
245 _cГл.ред. Елена Борисова
260 _aМосква
260 _c2012
300 _a64ст,26см.
653 _aТурбизнес=Travel trade russia
942 _cCR
999 _c41189
_d41189